Conservative politicians - Statistics

General Stats
  • This quiz has been taken 25 times
  • The average score is 26 of 51
Answer Stats
Picture Hint Answer % Correct
American politician, media personality, businessman, currently the 47th president of the United States Donald Trump
95%
American politician, businessman, former U.S. Air Force officer, 43rd president of the United States (2001-2009) George W. Bush
91%
British stateswoman, PM of the United Kingdom (1979-1990), Leader of the Conservative Party (1975 -1990) Margaret Thatcher
91%
American politician, actor, 40th president of the United States (1981-1989) Ronald Reagan
91%
Russian politician, former intelligence officer, President of Russia (2000-2008, 2012-present) Vladimir Putin
91%
British statesman, military officer, writer, PM of the United Kingdom twice (1940-945, 1951-1955) Winston Churchill
91%
Israeli politician, diplomat, PM of Israel (current term 2022-present) Benjamin Netanyahu
86%
Spanish general, leader of the Nationalist forces during the the Spanish Civil War, ruler of Spain (1939-1975) Francisco Franco
86%
French general, statesman, leader of Free French Forces during WWII, chairman of the Provisional Government of the French Republic (1944-1946), restored democracy in France Charles de Gaulle
82%
Italian politician, PM of Italy (2022-present) Giorgia Meloni
82%
Indian politician, PM of India (2014-present) Narendra Modi
82%
Hungarian lawyer, politician, 56th PM of Hungary twice (1998-2002, 2010-present) Viktor Orbán
82%
Argentine politician, economist, 59th President of Argentina (2023-present) Javier Milei
77%
Founding Father, 2nd U.S. president (1797-1801) John Adams
77%
British politician, PM of the United Kingdom (2010-2016) David Cameron
73%
Brazilian politician, former military officer, 38th president of Brazil (2019-2023) Jair Bolsonaro
68%
German statesman, diplomat, oversaw unification of Germany, first chancellor (1871-1890) Otto von Bismarck
68%
Turkish politician, President of Turkey (2014-present) Recep Tayyip Erdoğan
68%
French former politician, convicted criminal, President of France (2007-2012) Nicolas Sarkozy
64%
Iranian cleric, politician, political theorist, revolutionary, founder of the Islamic Republic of Iran, first Supreme Leader of Iran (1979-1989) Ruhollah Khomeini
64%
Japanese statesman, PM of Japan and President of the Liberal Democratic Party (2006-2007, 2012-2020) Shinzo Abe
64%
Chilean military officer, politician, dictator Augusto Pinochet
59%
German statesman, politician, first chancellor of West Germany (1949-1963) Konrad Adenauer
55%
German politician, Chancellor of Germany and governed the Federal Republic (1982-1998) Helmut Kohl
50%
Conservative British statesman, writer, and twice PM Benjamin Disraeli
45%
Chinese politician, revolutionary, military commander, leader of Republic of China (1928-1975) Chiang Kai-shek
45%
Singaporean statesman, barrister, first PM of Singapore (1959-1990) Lee Kuan Yew
45%
Salvadoran politician, businessman, 81st president of El Salvador (2019-present) Nayib Bukele
45%
Filipino lawyer, politician, kleptocrat, tenth and longest serving president of the Philippines (1965-1986) Ferdinand Marcos
41%
Conservative British statesman, thrice PM for over 13 years Robert Gascoyne-Cecil, 3rd Marquess of Salisbury
41%
Last PM of Great Britain (1783-1800), 1st PM of the UK in 1801 William Pitt the Younger
41%
Last Shah of Iran (1941-1979) Mohammad Reza Pahlavi
36%
South Korean politician, army officer, third president of South Korea (1962-1979), seized power in the May 16 coup in 1961 Park Chung Hee
36%
Portuguese dictator, academic, economist, President of the Council of Ministers of Portugal (1932-1968) António de Oliveira Salazar
32%
British politician, scholar, writer Enoch Powell
32%
Rhodesian and later Zimbabwean politician, farmer, fighter pilot, PM of Rhodesia (initially known as Southern Rhodesia, now known as Zimbabwe) from 1964 to 1979 Ian Smith
32%
British statesman, Conservative politician, prominant in leadership of UK between the World Wars Stanley Baldwin
32%
Finish military commander, statesman Carl Gustaf Emil Mannerheim
27%
Peruvian politician, professor, engineer 54th president of Peru (1990-2000) Alberto Fujimori
23%
Italian politician, statesman, founder of Christian Democracy party, PM of Italy in eight successive coalition governments (1945-1953) Alcide De Gasperi
23%
Austrian politician, dictator, Chancellor of Austria (1932-1934) Engelbert Dollfuss
23%
Hungarian admiral, statesman, regent of the Kingdom of Hungary (1920-1944) Miklós Horthy
23%
ndonesian military officer, politician, second and longest-serving president of Indonesia (1967-1998) Suharto
23%
Greek military officer, politician, dictator of Greece (1936-1941) Ioannis Metaxas
18%
German statesman, diplomat for the Austrian Empire Klemens von Metternich
18%
Pakistani military officer, politician, sixth president of Pakistan (1978-1988) Zia-ul-Haq
18%
Indian poet, writer, statesman, PM of India twice (1996, 1998-2004) Atal Bihari Vajpayee
14%
Polish politician Jarosław Kaczyński
14%
Polish statesman, founder of the National Democracy movement Roman Dmowski
14%
South Korean politician, attorney, 13th president of South Korea (2022-2025) Yoon Suk Yeol
14%
British Tory statesman George Canning
9%
No matching quizzes found
Score Distribution
Percent of People with Each Score
Percentile by Number Answered
Your Score History
You have not taken this quiz